000 00919nam a22003017i 4500
003 EG-GICUC
005 20260211122329.0
008 260211s1973 sz ||||fr|||| 000 0 fre d
020 _a9222010035
040 _aEG-GiCUC
_bfre
_cEG-GiCUC
_dEG-GiCUC
_eRda
082 0 4 _221
_a341.81
_bEN
092 0 4 _221
099 _aLaw1 12 341.81 EN 1973
245 1 4 _aLes Entreprises Multinationales Et La Politique Sociale /
_b
_c
_n
264 1 _aGenève :
_bBureau International Du Travail,
_c1973.
300 _a192page :
_billustration ;
_c 24 cm.
336 _2rda contenu
_a texte
337 _2rda medias
_aOrdinateur
338 _2 transporteur rda
_a Ressource en ligne
500 _a
504 _a
546 _aTexte en français
650 1 4 _aDroit international privé
_2
651 1 _2
856 4 0 _uhttps://fll.law.cu.edu.eg/fulltext/bks/B11-07579.pdf
905 _a50
942 _2ddc
_cBK
_e21
_n0
999 _c62571
_d62571